Geography Trivia- Thursday Thirties Week 3 - Statistics

General Stats
  • This quiz has been taken 7 times
  • The average score is 16 of 30
Answer Stats
Question Answer % Correct
The Black Forest gets its name from the dark appearance of its dense forests of which kind of trees? Coniferous evergreen trees
100%
Which island is shared by Haiti and the Dominican Republic? Hispanoila
100%
Which Central Asian capital was formerly called Nur-Sultan before changing back to its current name? Astana
86%
Which of these countries does not border the Baltic Sea? Belarus
86%
Point Roberts, Washington, is a U.S. exclave whose land route to the rest of the United States passes through which country? Canada
86%
Which country has a national flag featuring the sisserou parrot? Dominica
86%
Japan is commonly described as lying at or near the junction of how many major tectonic plates? Four
86%
Which Japanese city, originally called Heian-kyō, was established as the imperial capital in 794 and laid out on a grid modeled after Tang-dynasty Chang’an? Kyoto
86%
Which country contains Timbuktu? Mali
86%
When France’s first high-speed TGV line opened in 1981, it connected which two cities? Paris and Lyon
86%
Mount Athos, an autonomous monastic peninsula, is in which country? Greece
71%
Which U.S. state has the most active and potentially active volcanoes? Alaska
57%
Which country contains Skeleton Coast National Park? Namibia
57%
While football (soccer) is the most popular sport, what is the official national sport of Argentina? Pato
57%
Christmas Island is famous for the annual migration of which creature? Red crabs
57%
Lake Malawi, also known as Lake Nyasa, is shared by Malawi, Mozambique, and which other country? Tanzania
57%
The geographic center of the contiguous United States is near Lebanon in which state? Kansas
43%
Which French overseas territory in the Pacific is known for its significant nickel reserves? New Caledonia
43%
Crater Lake, the deepest lake in the United States, is located in which state? Oregon
43%
Which country's national flag is unusual for showing different emblems on its front and back? Paraguay
43%
Which of the following is the highest point in the Caribbean? Pico Duarte
43%
Where can you find Lake Winnebago? Wisconsin, United States
43%
Laguna del Carbón, the lowest point in the Americas, is in which country? Argentina
29%
Nakhchivan is an exclave of which country? Azerbaijan
29%
Gangkhar Puensum, often cited as the world's highest unclimbed mountain, is in which country? Bhutan
29%
Japan claims Okinotorishima supports an Exclusive Economic Zone of roughly what area? About 400,000 km²
14%
What is the actual southernmost point of mainland Africa? Cape Agulhas
14%
Strasbourg is the official seat of which European Union institution? European Parliament
14%
What percentage of Antarctica does Australia claim through the Australian Antarctic Territory? About 42%
0%
Which landlocked country’s navy operates on Lake Titicaca and inland river systems? Uganda
0%
No matching quizzes found
Score Distribution
Percent of People with Each Score
Percentile by Number Answered
Your Score History
You have not taken this quiz